Представление документа в формате RUSMARC

ПолеНазваниеЗначение
  Тип записи a
  Библиографический уровень m
001 Контрольный номер RU/SLIB/B/208706705
005 Дата корректировки 20260625101450.9
010 Индекс ISBN __
d Цена 84-00
101 Язык документа 0_
a Язык текста rus
200 Заглавие и сведения об ответственности 0_
a Заглавие Полководцы, военачальники и военные деятели России в "Военной энциклопедии" Сытина
e Сведения, относящиеся к заглавию в 3 т.
f Первые сведения об ответственности авт.-сост.: В. М. Лурье, В. В. Ященко
b Общее обозначение материала Текст
h Номер части Т. 3
i Наименование части Ко-П
205 Сведения об издании __
b Дополнительные сведения об издании Репр. изд. 1912 г.
210 Выходные данные 1_
a Место издания СПб.
c Издательство Экополис и культура
d Дата издания 1997
215 Физическое описание __
a Объем 379 с.
600 Персоналии _1
a Персоналии (Фамилия) Сытин, И.
606 Тематические рубрики __
a Основная рубрика Военное дело
y Географическая подрубрика Россия
606 Тематические рубрики __
a Основная рубрика Вооруженные силы в целом
610 Ключевые слова 0_
a Ключевые слова полководцы; военачальники
686 Индексы других классификаций __
2 Код системы rubbks
a Классификационный индекс 68.41(2)
686 Индексы других классификаций __
a Классификационный индекс 63.3(2); ст68.4(2)
801 Источник записи _0
a Страна RU
b Организация Муниципальное бюджетное учреждение культуры "Централизованная библиотечная система" г. Сургут (Центральная городская библиотека им. А. С. Пушкина)
g Правила каталогизации ОБ/Гудкова
801 Источник записи _1
a Страна RU
b Организация Муниципальное бюджетное учреждение культуры "Централизованная библиотечная система" г. Сургут (Центральная городская библиотека им. А. С. Пушкина)
g Правила каталогизации ОБ/Гудкова
852 Данные о местонахождении __
j Шифр хранения 68.41(2)
c Каталожный индекс 68.49(2),63.3(2)
i Авторский знак П51
p Инвентарный номер 67099
901 Тип документа __
t Тип документа m
903 Характеристики (МАРС) __
a Дата передачи 19980316
969 Тип издания __
a Тип издания энциклопедия
990 Данные о заказе (DOS) __
j Количество экземпляров (DOS) 3